Eksportnyj kontrol' vo vnešneekonomičeskich svjazach Rossii.
Problémy medzinárodnej špecializácie Ruska a ich súvis s otázkou konverzie. Otázka predaja špičkových technológií z niektorých oblastí a potreba ich dovozu. Princípy a úlohy exportnej kontroly v Rusku. Nové podmienky konkurenčného boja v nových tendenciách vzťahu rozvinutých priemyslových krajín a "...
Gespeichert in:
| 1. Verfasser: | |
|---|---|
| Weitere Verfasser: | |
| Format: | Buchkapitel |
| Sprache: | Russisch |
| Schlagworte: | |
| Tags: |
Keine Tags, Fügen Sie das erste Tag hinzu!
|
MARC
| LEADER | 00000naa a2200000 4500 | ||
|---|---|---|---|
| 001 | r010487 | ||
| 005 | 20221130113254.0 | ||
| 041 | 0 | |a rus | |
| 044 | |a [SU] | ||
| 245 | 1 | 0 | |a Eksportnyj kontrol' vo vnešneekonomičeskich svjazach Rossii. |c V. Presnjakov, V. Sokolov |
| 520 | |a Problémy medzinárodnej špecializácie Ruska a ich súvis s otázkou konverzie. Otázka predaja špičkových technológií z niektorých oblastí a potreba ich dovozu. Princípy a úlohy exportnej kontroly v Rusku. Nové podmienky konkurenčného boja v nových tendenciách vzťahu rozvinutých priemyslových krajín a "tretieho sveta". | ||
| 610 | 2 | 0 | |a vývoz |
| 610 | 2 | 0 | |a dovoz |
| 610 | 2 | 0 | |a Rusko |
| 610 | 2 | 0 | |a technológie nové |
| 610 | 2 | 0 | |a konverzia priemyslu |
| 610 | 2 | 0 | |a konkurencia |
| 610 | 2 | 0 | |a protekcionizmus |
| 610 | 2 | 0 | |a krajiny rozvojové |
| 610 | 2 | 0 | |a svet |
| 100 | 1 | |a Presnjakov, Viktor Jur'jevič | |
| 700 | 1 | |a Sokolov, V. | |